Zero Energy Design Commercial Retail Building In Warm And Humid Climate (Record no. 360958)

MARC details
000 -LEADER
fixed length control field 00297nam a2200097Ia 4500
008 - FIXED-LENGTH DATA ELEMENTS--GENERAL INFORMATION
fixed length control field 241105s9999 xx 000 0 und d
041 ## - LANGUAGE CODE
Language code of text/sound track or separate title eng
100 ## - MAIN ENTRY--PERSONAL NAME
Personal name Vichare Purva
245 ## - TITLE STATEMENT
Title Zero Energy Design Commercial Retail Building In Warm And Humid Climate
260 ## - PUBLICATION, DISTRIBUTION, ETC. (IMPRINT)
Name of publisher, distributor, etc. M.Arch Environmental, Pune
Date of publication, distribution, etc. 2014

No items available.